| 000 | 00518nam a22001817a 4500 | ||
|---|---|---|---|
| 001 | 00028164 | ||
| 005 | 20260211105029.0 | ||
| 008 | 260211b ag ||||| |||| 00| 0 spa d | ||
| 040 |
_bspa _cAR-CcCEOS |
||
| 080 | _a982Rosas | ||
| 090 | _bINS | ||
| 100 | 2 |
_aInstituto de Investigaciones Históricas _9456 |
|
| 245 |
_aRevista del Instituto de investigaciones historicas : _bJUAN MANUEL DE ROSAS Nº24 |
||
| 260 |
_aBuenos Aires, _c1991. |
||
| 300 |
_a124 p. ; _c23x15 cm. |
||
| 650 | 0 | _ahistoria | |
| 942 |
_2udc _cBK |
||
| 999 |
_c28178 _d28178 |
||
| 945 |
_a66467 _bMelina Rolando _c66467 _dMelina Rolando |
||